| 000 | 00000nam 2200000za 4500 |
| 001 | 9.809876 |
| 003 | CaOODSP |
| 005 | 20210215142103 |
| 007 | ta |
| 008 | 160126s2016 quco # f000 0 eng d |
| 020 | |a978-0-660-04372-2|z978-0-660-04373-9 |
| 040 | |aCaOODSP|beng |
| 041 | |aeng|afre |
| 043 | |an-cn--- |
| 086 | 1 |aCW66-238/7-2016|zCW66-238/7-2016E-PDF |
| 245 | 04|aThe Ecological Gifts Program : |ba legacy for tomorrow ... a tax break today. |
| 246 | 15|aProgramme des dons écologiques : |bun don pour l’avenir, des avantages fiscaux aujourd’hui |
| 260 | |a[Gatineau, Quebec] : |bEnvironment and Climate Change Canada, |cc2016. |
| 300 | |a1 folded sheet ([5 p.]) : |bphotographs ; |c22 cm. |
| 500 | |aTitle from cover. |
| 520 | |aCanada’s Ecological Gifts Program provides a way for Canadians with ecologically sensitive land to protect nature and leave a legacy for future generations. It offers significant tax benefits to landowners who donate land or a partial interest in land to a qualified recipient. Recipient organizations become responsible for the conservation of the donated land’s biodiversity and environmental heritage. This responsibility lasts forever. |
| 546 | |aText in English and French on inverted pages. |
| 692 | 07|2gccst|aNature conservation |
| 692 | 07|2gccst|aDonations |
| 692 | 07|2gccst|aTax benefits |
| 710 | 1 |aCanada. |bEnvironment and Climate Change Canada. |
| 776 | 0#|tThe Ecological Gifts Program |w(CaOODSP)9.809879 |
| 776 | 0#|tLe Programme des dons écologiques |w(CaOODSP)9.809880 |
| 792 | |tLe Programme des dons écologiques : |efre|w(CaOODSP)9.809877 |